Statistics for U.S. Cities with the Most Precipitation

Click here to take the quiz!

General Stats

  • This quiz has been taken 5,683 times
    (4,671 since last reset)
  • The average score is 8 of 15

Answer Stats

Inches City % Correct
61.9Miami
93%
49.9New York City
83%
62.5New Orleans
82%
49.7Atlanta
81%
50.7Orlando
78%
46.3Tampa
72%
52.4Jacksonville
70%
49.8Houston
70%
47.3Nashville
53%
53.7Memphis
50%
53.7Birmingham
39%
44.9Louisville
28%
46.5Virginia Beach
18%
47.2Providence
11%
45.9Hartford
10%

Score Distribution

Percentile by Number Answered

Percent of People with Each Score

Your Score History

You have not taken this quiz since the last reset